00925nam a2200241Ia 4500001000600000003000900006008004100015040001300056040001300069041001300082100002400095100002900119245008300148245006000231250001100291260001000302260000900312260004900321300005900370500020900429650001400638650003100652C5263IT-RoPAU130308s9999 xx 000 0 und d aIT-RoPAU cIT-RoPAU aFRANCESE aLemonon Jean-Pierre gCodice Aut. SPICS: 41390 aSelon Marc 15, 22A, Jesus a-T-Il etè portè ou menè au lieu-dit Golgotha? bTemps de la Lecture (Le)-Exegese biblique et Semiotique a1a ed. aPARIS bCerf c1993 [1° Ed.:1993 - Ed.Ling.Originale:1993] a"15 p. (prefazione: no ; testo: 15 [pagine: 147-161])" aSecondo Marco 15,22A Gesu' è Stato Portato o Condotto al Luogo Detto Golgota? Critica Testuale e Specificità di Marco. Imnpiego del Verbo Pherein Nei Vangeli Sinottici. Costruzione di Marco 15, 16/41. aSEMANTICA eCodice materia Spics: 3301